000 00438nam a22001337a 4500
020 _a9787512718272
040 _cNUST CL
082 _a920.720951
_bBIY
100 _aBiyu , Wu
_983148
245 _aDiligence and happiness : stories of Chinese women shaking off poverty /
_c Biyu Wu.
260 _aBeijing Shi :
_bChina Women Publishing House ,
_c2020.
300 _a3, 6, 276 pages : illustrations, portraits ; 25 cm
942 _2ddc
_cBK
999 _c586517
_d586517